Statistics for Power Rangers Series

Click here to take the quiz!

General Stats

  • This quiz has been taken 1,004 times
  • The average score is 14 of 17

Answer Stats

HintAnswer% Correct
1Mighty Morphin Power Rangers
96%
2Power Rangers Zeo
89%
3Power Rangers Turbo
88%
10Power Rangers Dino Thunder
85%
11Power Rangers SPD
85%
4Power Rangers in Space
84%
5Power Rangers Lost Galaxy
83%
7Power Rangers Time Force
83%
8Power Rangers Wild Force
83%
16Power Rangers Samurai
82%
12Power Rangers Mystic Force
80%
9Power Rangers Ninja Storm
80%
15Power Rangers RPM
79%
6Power Rangers Lightspeed Rescue
78%
14Power Rangers Jungle Fury
77%
13Power Rangers Operation Overdrive
72%
17Power Rangers Super Samurai
67%

Score Distribution

Percentile by Number Answered

Percent of People with Each Score

Your Score History

You have not taken this quiz